La fortificación abaluartada en América (Record no. 8891)

MARC details
000 -CABECERA
campo de control de longitud fija 00799nam a2200241 a 4500
001 - NÚMERO DE CONTROL
campo de control BRL_78
005 - FECHA Y HORA DE LA ÚLTIMA TRANSACCIÓN
campo de control 20190320210558.0
008 - DATOS DE LONGITUD FIJA--INFORMACIÓN GENERAL
campo de control de longitud fija 790507s1978####pr-a#####b---#001-0#spa-#
040 ## - FUENTE DE LA CATALOGACIÓN
Centro catalogador/agencia de origen DLC
Centro/agencia transcriptor DLC
Centro/agencia modificador DLC
041 ## - CÓDIGO DE LENGUA
Código de lengua del texto/banda sonora o título independiente spa
044 ## - CÓDIGO DEL PAÍS DE LA ENTIDAD EDITORA/PRODUCTORA
Código MARC del país pr
050 #4 - SIGNATURA TOPOGRÁFICA DE LA BIBLIOTECA DEL CONGRESO
Número de clasificación UG405
Número de documento/Ítem .Z37 1978
100 1# - ENTRADA PRINCIPAL--NOMBRE DE PERSONA
Nombre de persona Zapatero, Juan Manuel,
Fechas asociadas al nombre 1918-
9 (RLIN) 22845
245 10 - MENCIÓN DE TÍTULO
Título La fortificación abaluartada en América
Mención de responsabilidad, etc. Juan Manuel Zapatero.
260 ## - PUBLICACIÓN, DISTRIBUCIÓN, ETC.
Lugar de publicación, distribución, etc. Puerto Rico
Nombre del editor, distribuidor, etc. Instituto de Cultura Puertorriqueña
Fecha de publicación, distribución, etc. 1978
300 ## - DESCRIPCIÓN FÍSICA
Extensión xxv, 323 p.
Otras características físicas il.
Dimensiones 23 cm.
500 ## - NOTA GENERAL
Nota general Incluye índice de láminas e índice de los ingenieros militares en América, siglos XVIII y XIX
500 ## - NOTA GENERAL
Nota general Au159
650 14 - PUNTO DE ACCESO ADICIONAL DE MATERIA--TÉRMINO DE MATERIA
Término de materia o nombre geográfico como elemento de entrada Fortificación
Subdivisión general Historia
Subdivisión geográfica Latinoamerica
9 (RLIN) 22846
650 14 - PUNTO DE ACCESO ADICIONAL DE MATERIA--TÉRMINO DE MATERIA
Término de materia o nombre geográfico como elemento de entrada Arquitectura militar
Subdivisión general Historia
9 (RLIN) 22847
902 ## - CATALOGADOR
Iniciales GRL
942 ## - ELEMENTOS DE PUNTO DE ACCESO ADICIONAL (KOHA)
Fuente del sistema de clasificación o colocación Library of Congress Classification
Tipo de ítem Koha Libros
Holdings
Estado de retiro Estado de pérdida Estado dañado No para préstamo Localización permanente Ubicación/localización actual Fecha de adquisición Número de inventario Total de préstamos Signatura topográfica completa Código de barras Fecha visto por última vez Precio válido a partir de Tipo de ítem Koha
El ejemplar forma parte de la colección y puede ser consultado según las políticas vigentes.       Biblioteca Centro de Estudios Ruth D. Lechuga Biblioteca Centro de Estudios Ruth D. Lechuga 09/10/2012 Au159   UG405 .Z37 1978 (Au159) GRL00092 22/03/2019 22/03/2019 Libros